1238 1910 1330 1420 1772 1582 1106 1511 1778 1087 1407 1933 1011 1514 1749 1436 1628 1850 1164 1332 1254 1826 1499 1606 1152 1532 1788 1002 1899 1572 1306 1635 1353 1893 1754 1453 1139 1368 1615 1915 1669 1327 1913 1254 1846 1459 1834 1086 1578 1704 1204 1339 1435 1982 1682 1818 1343 1806 1475 1066 1887 1473 1619 1908 1538 1529 1769 1086 1576 1255 1964 1608 1218 1562 1474 1013 1154 1081 1045 1971 1601 1327 1368 1574 1480 1200 1901 1751 1222 1812 1942 1057 1312 1870 1127 1942 1339 1097 1681 BCNSPRNW ULIB Ver.6.0+V

เปลี่ยนเป็นภาษาไทย

Change to English
 แสดงรายละเอียดบรรณานุกรม
  กลับหน้าหลัก

Brief Record : Get Marc (ISO 2709) : E-mail record : QR code < ปิดหน้าต่าง
LEADER : 00000nam 2200000uu 4500
001    13399121947
003     ULIB
008    121214s2549||||th 000 0 tha d
020    ^a9749713575
020    9789749713570
060  4 ^aWM55^bก425ก 2549
100 0  ^aกาญจนา ไชยพันธุ์
245 10 ^aการให้คำปรึกษาแบบกลุ่ม =^bGroup counseling /^cกาญจนา ไชยพันธุ์
246 31 ^aGroup counseling
260    ^aกรุงเทพฯ :^bโอเดียนสโตร์,^c2549
300    ^a105 หน้า
504    ^aบรรณานุกรม: หน้า 101-105
650  4 ^aการให้คำปรึกษาแบบกลุ่ม
650  4 ^aจิตวิทยาประยุกต์
650  4 ^aการให้คำปรึกษา
945    ^p85^l0^i14769
949    ^aทศพร
999    ^aทศพร เกษรทอง
รายการนี้ยังไม่มีแท็ก
คุณยังไม่ได้ล็อกอิน คุณสามารถมีกิจกรรมร่วมกับเว็บไซต์ได้ แต่ต้องล็อกอินก่อน ::
  ล็อกอิน

รายการสื่อสารสนเทศ

ลำดับที่ ประเภท เลขเรียก/บาร์โค้ด สถานที่ สถานะ
1. วิทยาศาสตร์การแพทย์ และสุขภาพ
วิทยาศาสตร์การแพทย์ และสุขภาพ
WM55 ก425ก 2549 ฉ.2 
  Barcode: 14769
ห้องสมุดวิทยาเขตสวรรค์ประชารักษ์
►หนังสือทั่วไป
บนชั้น

รายการใกล้เคียง
    ผู้แต่ง [กาญจนา ไชยพันธุ์]

    หัวเรื่อง [การให้คำปรึกษาแบบกลุ่ม]
    หัวเรื่อง [จิตวิทยาประยุกต์]
    หัวเรื่อง [การให้คำปรึกษา]

BibComment


ยังไม่เคยถูกคอมเมนท์

คอมเมนท์ทรัพยากรรายการนี้
  คอมเมนท์: การให้คำปรึกษาแบ..


 Copyright 2026. Bcnsprnw @Library